000 00785nam a2200217 i 4500
001 19554
003 ES-MaACL
005 20250801165814.0
007 t|
008 021003s1981 sp ||||1| spa d
100 0 _aAbbad y Lasierra, Iñigo,
_917994
245 1 0 _aDescripción de las costas de California /
_cIñigo Abbad y Lasierra ; edición y estudio por Sylvia L. Hilton.
260 _aMadrid :
_bInstituto Gonzalo Fernández de Oviedo,
_c1981.
300 _a230 p. ;
_c25 cm.
490 1 _aColección Tierra nueva e cielo nuevo ;
_v3
700 1 _aHilton, Sylvia-Lyn
_963741
710 2 _aInstituto "Gonzalo Fernández de Oviedo"
_95079
830 0 _aColección Tierra nueva e cielo nuevo ;
_v3
_9179366
852 _aES-MaACL
_jL-1917
_bR.102645
999 _c19554
_d19554